Tiểu đoàn Nữ biệt động Lê Thị Riêng trong Tổng tấn công và Nổi dậy Tết Mậu Thân 1968

Giới thiệu về yêu cầu lịch sử và sự ra đời của Tiểu đoàn Nữ biệt động Lê Thị Riêng; quá trình tiểu đoàn phát triển lực lượng, xây dựng địa bàn đứng chân, chuẩn bị tiềm lực, vật lực phục vụ chiến đấu; mục tiêu, nhiệm vụ chiến...

Volledige beschrijving

Bewaard in:
Bibliografische gegevens
Hoofdauteur: Hồ, Sơn Điệp
Andere auteurs: Nguyễn, Đình Thống
Formaat: Boek
Taal:Undetermined
Gepubliceerd in: Tp. Hồ Chí Minh Đại học Quốc gia Tp. Hồ Chí Minh 2019
Onderwerpen:
Online toegang:http://lrc.tdmu.edu.vn/opac/search/detail.asp?aID=2&ID=40930
Tags: Voeg label toe
Geen labels, Wees de eerste die dit record labelt!
Thư viện lưu trữ: Trung tâm Học liệu Trường Đại học Thủ Dầu Một
LEADER 01701nam a2200217Ia 4500
001 TDMU_40930
008 210410s9999 xx 000 0 und d
082 |a 758.4 
090 |b H450 
100 |a Hồ, Sơn Điệp 
245 0 |a Tiểu đoàn Nữ biệt động Lê Thị Riêng trong Tổng tấn công và Nổi dậy Tết Mậu Thân 1968 
245 0 |c Hồ Sơn Điệp, Nguyễn Đình Thống (ch.b.), Trần Thuận và [nh.ng. khác] 
260 |a Tp. Hồ Chí Minh 
260 |b Đại học Quốc gia Tp. Hồ Chí Minh 
260 |c 2019 
300 |a 351tr. 
520 |a Giới thiệu về yêu cầu lịch sử và sự ra đời của Tiểu đoàn Nữ biệt động Lê Thị Riêng; quá trình tiểu đoàn phát triển lực lượng, xây dựng địa bàn đứng chân, chuẩn bị tiềm lực, vật lực phục vụ chiến đấu; mục tiêu, nhiệm vụ chiến đấu và thế trận trước "giờ G" cùng các hoạt động chiến đấu, chiến công; công tác của cán bộ, chiến sĩ Tiểu đoàn giai đoạn hậu chiến cung một số ý kiến trái chiều có hay không về tiểu đoàn 
650 |a Lịch sử  |x Kháng chiến chống Mỹ  |x Tiểu đoàn  |x Phụ nữ  |x Tiểu đoàn Nữ biệt động Lê Thị Riêng  |z Việt Nam 
700 |a Nguyễn, Đình Thống 
856 |u http://lrc.tdmu.edu.vn/opac/search/detail.asp?aID=2&ID=40930 
980 |a Trung tâm Học liệu Trường Đại học Thủ Dầu Một